00811naa a2200157 i 45000010005000000030009000050050017000140080041000310400028000721000143001002450073002435380088003167730221004049420013006259990015006389931KOSZ 00520180412102810.0080714s2008 pl fq |000 0 pol  aWA NcWA NdKOSZ 005/HR aSOKOŁOWSKI, Stanisław.bPolitechnika Koszalińska - Wydział Mechaniczny,cKatedra Zastosowań Elektroniki i Elektrotechnikid1996 - .10aWzmacniacz operacyjny i jego zastosowania /cStanisław Sokołowski. aWymagania systemowe: IBM PC; Windows 98 lub nowszy; Acrobat Reader; czytnik CD-ROM. iW : tPodstawy elektrotechniki i elektroniki dla nieelektryków. T. 1, Laboratorium. [CD] / pod red. Jerzego Smyczka. -dKoszalin : Wydaw. Uczelniane Politechniki Koszalińskiej, 2008. -gs. 271-307.z9788373651555 2UKDcROZ c9931d9931